Canadian Provinces and Territories with Antipodes on Land - Statistics

General Stats
  • This quiz has been taken 12 times
  • The average score is 4 of 5
Answer Stats
Antipodal Territory/Region Province/Territory % Correct
Antarctica Nunavut
100%
Antarctica Yukon
100%
Antarctica Northwest Territories
89%
French Southern and Antarctic Lands Alberta
78%
French Southern and Antarctic Lands | Heard Island and McDonald Islands Saskatchewan
78%
No matching quizzes found
Score Distribution
Percent of People with Each Score
Percentile by Number Answered
Your Score History
You have not taken this quiz